Online katalóg knižníc regiónu Turca

Hriešne radosti (Record no. 22271)

MARC details
000 -LEADER
fixed length control field 00873nam a2200313 a 4500
001 - CONTROL NUMBER
control field 22271
003 - CONTROL NUMBER IDENTIFIER
control field VRT
005 - DATE AND TIME OF LATEST TRANSACTION
control field 20260324155514.0
008 - FIXED-LENGTH DATA ELEMENTS--GENERAL INFORMATION
fixed length control field 950825s1994 xo 010 1 slo c
020 ## - INTERNATIONAL STANDARD BOOK NUMBER
International Standard Book Number 8085680416 (viaz.)
035 ## - SYSTEM CONTROL NUMBER
System control number UKB000003139
040 ## - CATALOGING SOURCE
Original cataloging agency BAA001
Language of cataloging slo
Transcribing agency BAA001
Description conventions AACR2
041 1# - LANGUAGE CODE
Language code of text/sound track or separate title slo
Language code of original eng
044 ## - COUNTRY OF PUBLISHING/PRODUCING ENTITY CODE
MARC country code xo
ISO country code SK
080 ## - UNIVERSAL DECIMAL CLASSIFICATION NUMBER
Universal Decimal Classification number 820(73)-311.4
100 1# - MAIN ENTRY--PERSONAL NAME
Personal name Vincenzi, Penny
245 00 - TITLE STATEMENT
Title Hriešne radosti
Statement of responsibility, etc. Penny Vincenziová ; Z angl. orig. prel. Katarína Steskálová
Number of part/section of a work 1
250 ## - EDITION STATEMENT
Edition statement 1. vyd.
260 ## - PUBLICATION, DISTRIBUTION, ETC.
Place of publication, distribution, etc. Bratislava
Name of publisher, distributor, etc. INA
Date of publication, distribution, etc. 1994
300 ## - PHYSICAL DESCRIPTION
Extent 375 s.
650 07 - SUBJECT ADDED ENTRY--TOPICAL TERM
Topical term or geographic name entry element literatúra americká
650 07 - SUBJECT ADDED ENTRY--TOPICAL TERM
Topical term or geographic name entry element romány spoločenské
653 ## - INDEX TERM--UNCONTROLLED
Uncontrolled term 820(73)-311.4
700 1# - ADDED ENTRY--PERSONAL NAME
Personal name Steskálová, Katarína
Relationship trl
910 ## - USER-OPTION DATA (OCLC)
User-option data ukb
942 ## - ADDED ENTRY ELEMENTS (KOHA)
Source of classification or shelving scheme Dewey Decimal Classification
Koha item type Krásna literatúra pre dospelých
Suppress in OPAC No
949 ## - LOCAL PROCESSING INFORMATION (OCLC)
6 3139-20
a SL.D.21256
b PV.2326-95
949 ## - LOCAL PROCESSING INFORMATION (OCLC)
6 1800146330
a 30.D.61016
b PV.2325-95
Holdings
Stav vyradenia Strata Poškodenie Spôsob nadobudnutia Domovská knižnica Aktuálna knižnica Dátum nadobudnutia Total checkouts Čiarový kód exemplára Date last seen Typ exemplára
      Dar Obecná knižnica Horná Štubňa Obecná knižnica Horná Štubňa 24.03.2026   4736201932 24.03.2026 Krásna literatúra pre dospelých
Projekt je podporený Slovenskou asociáciou knižníc
Prevádzkuje Turčianska knižnica Martin 2026